000 00693nam a2200205Ii 4500
001 11637
003 CO-ViMGA
008 241108s9999||||xx |||||||||||||| ||und||
040 _aCO-ViMGA
_bspa
_erda
_cCO-ViMGA
041 0 _aspa
082 0 4 _a338.9009861 C718s
110 1 _aColombia. Presidente [1994-1998 Samper Pizano],
_952897
245 1 0 _aEl Salto Social:
_bPlan Nacional de Desarrollo Ley de Inversiones 1994-1998
264 1 _aBogotá, Colombia : Departamento Nacional de Planeaciones, 1991
300 _avolumen
336 _atext
_btxt
_2rdacontent
337 _aunmediated
_bn
_2rdamedia
338 _avolume
_bnc
_2rdacarrier
940 _aidficha_siabuc: 11361. -- ficha_no_siabuc:11637
999 _c47996
_d47996